| 000 | 00522nam a22001817a 4500 | ||
|---|---|---|---|
| 003 | OSt | ||
| 005 | 20180116183006.0 | ||
| 008 | 150806b xxu||||| |||| 00| 0 eng d | ||
| 020 | _a8131807277 | ||
| 040 | _c0 | ||
| 082 | _a332.6457 BOM 2007 | ||
| 100 | _aAntulio N. Bomfim | ||
| 245 |
_aUnderstanding Credit Derivatives and Related Instruments _cAntulio N. Bomfim |
||
| 260 |
_aIndia _bElsevier _c2007 |
||
| 300 |
_a339 p. _bPB |
||
| 440 | _aUnderstanding Credit Derivatives and Related Instruments | ||
| 942 |
_2ddc _cBK |
||
| 999 |
_c350058 _d350058 |
||